Biblioteca

Bosquejo de teología cristiana (Registro nro. 33837)

Detalles MARC
000 -LÍDER
Campo fijo de descripción fija 01827nam a22002417a 4500
001 - NÚMERO DE CONTROL
Campo de control 3133
003 - IDENTIFICADOR DEL NÚMERO DE CONTROL
Campo de control CO-MdFUSB
005 - FECHA Y HORA DE LA ULTIMA TRANSACCIÓN
control field 20180622074753.0
008 - ELEMENTOS DE LONGITUD FIJA -- INFORMACIÓN GENERAL
Campo fijo de descripción fija -- Información general 180515s1929 ag ||||| |||| 00| 0 spa d
040 ## - FUENTE DE CATALOGACIÓN
Agencia de catalogación original CO-MdFUSB
Idioma de catalogación spa
Agencia que realiza la transcripción CO-MdFUSB
Agencia que realiza la modificación CO-MdFUSBC
Convenciones de la descripción rda
041 0# - CÓDIGO DE IDIOMA
Código de idioma para texto/pista de sonido o título separado spa
082 04 - NÚMERO DE CLASIFICACIÓN DECIMAL DEWEY
Número de clasificación G 230 N561t
100 1# - ASIENTO PRINCIPAL--NOMBRE PERSONAL
Nombre personal Clarke, Guillermo Newton
Término relacionador autor
245 #0 - TÍTULO
Título del Material Bosquejo de teología cristiana
Mención de responsabilidad, etc. / Guillermo Newton Clarke ; Efrain Martínez, Traductor
264 #1 - PRODUCCIÓN, PUBLICACIÓN, DISTRIBUCIÓN, MANUFACTURA, Y COPYRIGHT
Lugar de producción, publicación, distribución, manufactura Buenos Aires, Argentina :
Nombre del productor, publicador, distribuidor La Aurora,
Fecha de producción, publicación, distribución, manufactura, o copyright [1929]
300 ## - DESCRIPCIÓN FÍSICA
Extensión 501 Pag
336 ## - TIPO DE CONTENIDO
Fuente rdacontent
Término de tipo de contenido texto
Código de tipo de contenido txt
337 ## - TIPO DE MEDIO
Fuente rdamedia
Nombre del tipo de medio sin mediación
Código del tipo de medio n
338 ## - TIPO DE SOPORTE
Fuente rdacarrier
Nombre del tipo de soporte volumen
Código Tipo de soporte nc
505 00 - NOTA DE CONTENIDO
Nota de contenido con formato preestablecido - Dios: - El concepto cristiano de Dios - La existencia de Dios - La relación entre Dios y el universo - La divina trinidad y la triunidad - El hombre: - La constitución humana de cuerpo y espíritu - El hombre un ser moral - La relación del hombre individual a la raza humana - El origen de la raza humana - El pecado: - La realidad del pecado - Naturaleza del pecado - El pecado en relación con la raza humana - El pecado en relación con el individuo delante de Dios - Cristo: - Lugar de Cristo en la historia - La persona de Cristo - La unidad de Cristo con Dios y con la raza humana - La reconciliación de Dios con el hombre en Cristo - La actividad actual de Cristo - El Espíritu Santo y la vida divina en el hombre: - Lo que se entiende por el Espíritu Santo - La obra del Espíritu Santo en el mundo - La obra del Espíritu Santo en la Iglesia - La obra del Espíritu Santo en los individuos - Una agrupación de obras del Espíritu Santo - Las cosas por venir: - Las cosas por venir en este mundo - Las cosas por venir mas allá de este mundo
650 #0 - ASIENTO SECUNDARIO DE MATERIA - TERMINO TEMÁTICO
Término temático o nombre geográfico como elemento de entrada Teología dogmática
9 (RLIN) 1260
Subdivisión general Historia
Subdivisión cronológica Edad Media, 600-1500
942 ## - TIPO DE MATERIAL (KOHA)
Tipo de Item KOHA Libros General
Existencias
Estado de Material Estado de Perdido Estado de Dañado No para Préstamo Colección Tomo Biblioteca de Origen Biblioteca Permanente Fecha de Adquisición Total de Préstamos Signatura Topográfica Código de Barras Última vez visto Ejemplar/Existencia Fecha de Remplazo Tipo de Material
        Colección General   Biblioteca FUSBC Biblioteca FUSBC 01/12/2004   G 230 N561t 2687 12/12/2019 1 26/01/2016 Libros General

Biblioteca FUSBC | Teléfono: (57+4) 349 88 10 Ext. 141| WhatsApp (+57) 3005338115 
E-mail: biblioteca@unisbc.edu.co | Calle 76 87-14 Robledo Palenque, Medellín, Colombia

Con tecnología Koha